Statistics for Islands of South Korea

Click here to take the quiz!

General Stats

  • This quiz has been taken 8 times
  • The average score is 10 of 30

Answer Stats

km2Answer% Correct
1,833Jejudo
100%
379Geojedo
71%
374Jindo
71%
72.3Ulleungdo
71%
90.0Wando
71%
97.5Yeongjongdo
71%
113Anmyeondo
57%
300Namhaedo
57%
302Ganghwado
43%
47.1Gyodongdo
43%
51.1Baengnyeongdo
29%
54.1Changseondo
29%
70.3Dolsando
29%
42.3Seokmodo
29%
37.3Amtaedo
14%
49.0Anjwado
14%
49.2Aphaedo
14%
46.2Biguemdo
14%
32.1Bogildo
14%
33.0Cheongsando
14%
43.4Dochodo
14%
64.8Geogeumdo
14%
27.5Geumodo
14%
45.6Gogeumdo
14%
40.0Imjado
14%
52.2Jaeundo
14%
54.7Jido
14%
28.7Joyakdo
14%
30.8Sinjido
14%
31.7Sinuido
14%

Score Distribution

Percentile by Number Answered

Percent of People with Each Score

Your Score History

You have not taken this quiz